| 000 | 00531nam a2200193Ia 4500 | ||
|---|---|---|---|
| 003 | IN-BaIIA | ||
| 008 | 211028s9999 xx 000 0 eng d | ||
| 040 | _cIIA Library | ||
| 080 |
_a513.83 _bBER |
||
| 100 |
_aBerge, Claude _94517 |
||
| 245 | 0 |
_aTopological spaces _cClaude Berge |
|
| 260 |
_aNew York _bMacmillan _c1963 |
||
| 300 | _axiii, 270p. | ||
| 650 |
_aGeometry _91677 |
||
| 650 | _aNASA Thesaurus | ||
| 650 |
_aTopology _94373 |
||
| 650 |
_aVector Spaces _94518 |
||
| 942 | _cBK | ||
| 999 |
_c2533 _d2533 |
||